000 01268cam a2200313 a 4500
001 14301279
003 OSt
005 20230620144746.0
008 060316s2005 ke b 100 0 eng
010 _a 2006306194
020 _z9995886X
040 _aDLC
_cDLC
_dDLC
042 _alcode
043 _af-ke---
082 0 0 _a323.09
_bKSI
245 0 0 _aAnnual Parliamentary Human Rights Workshop report :
_bAberdare Country Club, Nyeri, 9th to 11th June 2005 /
_cKenya Section of International Commission of Jurists.
260 _aNairobi, Kenya :
_bKenya Section of International Commission of Jurists,
_cc2005.
300 _aiv, 72 p. ;
_c21 cm.
500 _a"Michael Nderitu ... [et a.] ... compiling this report"--Acknowledgement.
504 _aIncludes bibliographical references.
650 0 _aHuman rights
_zKenya
_vCongresses.
700 1 _aNderitu, Michael.
710 2 _aInternational Commission of Jurists (1952- ).
_bKenya Section.
711 2 _aParliamentary Human Rights Workshop
_d(2005 :
_cNyeri, Kenya)
856 4 1 _3Table of contents only
_uhttp://www.loc.gov/catdir/toc/fy0613/2006306194.html
906 _a7
_bcbc
_corigode
_d2
_encip
_f20
_gy-gencatlg
942 _2ddc
_cBK
999 _c1813
_d1813